000 00468nam a2200193Ia 4500
005 20240823035859.0
008 240823s9999||||xx |||||||||||||| ||und||
020 _a3-540-22988-4
041 _aENGLISH
082 _A511.3223 P5
100 _aKwang H.Lee
245 0 _aFirst Course on Fuzzy Theory and Applications
250 _a1st
260 _c2005
_b"Springer,New "
500 _aTRANSFERED
650 _aAeronautics
_bAME
942 _cBK
999 _c201750
_d201750